| 000 | 00392pab a2200157 454500 | ||
|---|---|---|---|
| 008 | 180718b2004 xxu||||| |||| 00| 0 eng d | ||
| 100 | _aManikandan, K. | ||
| 245 | _aChallenges to peace and security in South Asia | ||
| 260 | _c2004 | ||
| 300 | _ap.3-6. | ||
| 362 | _aOct | ||
| 650 | _aPeace - South Asia | ||
| 650 | _aInternational relations | ||
| 773 | _aThird Concept | ||
| 909 | _a62793 | ||
| 999 |
_c62793 _d62793 |
||